แสดงรายละเอียดบรรณานุกรม
  กลับหน้าหลัก

Brief Record : Get Marc (ISO 2709) : E-mail record : QR code ปิดหน้าต่าง
E-books : เกี่ยวกับ Collections
LEADER 00000nam 2200000uu 4500
001    212564
003     ULIBM
008    020711s2015 th a 000 0 eng d
020    9786169108283
041    ^aeng
050  4 PE1128 S274E 2015
100    Sayamol Panseeta
245    Essential grammar for TOEIC, IELTS and TOEFL/^cSayamol Panseeta; Editor, Ian Andres
260    Bangkok :^bInteract Images,^c2015
300    88,[10] p. :^bill ;^c27 cm
650  4 ^aEnglish language^xGrammar
650  4 ^aEnglish language^xTextbooks for foreign speakers
650  4 ^aEnglish language^xUsage
700 0  ^aAndres, Ian,^eed.
999    ^aใช้งานได้ทุกระบบ
รายการนี้ยังไม่มีแท็ก
คุณยังไม่ได้ล็อกอิน คุณสามารถมีกิจกรรมร่วมกับเว็บไซต์ได้ แต่ต้องล็อกอินก่อน ::
  ล็อกอิน
ลำดับที่ ประเภท เลขเรียก สถานที่ สถานะ
1. หนังสือทั่วไป
หนังสือทั่วไป
PE1128 S274E 2015 c.1 
  
หนังสือภาษาอังกฤษ On Shelf
  ขอยืม
Note:จัดซื้อปีงบประมาณ 2562
2. หนังสือทั่วไป
หนังสือทั่วไป
PE1128 S274E 2015 c.2 
  
หนังสือภาษาอังกฤษ On Shelf
  ขอยืม
Note:จัดซื้อปีงบประมาณ 2562
3. หนังสือทั่วไป
หนังสือทั่วไป
PE1128 S274E 2015 c.3 
  
หนังสือทั่วไป On Shelf
  ขอยืม
Note:จัดซื้อปีงบประมาณ 2562
4. หนังสือทั่วไป
หนังสือทั่วไป
PE1128 S274E 2015 c.4 
  
หนังสือทั่วไป On Shelf
  ขอยืม
Note:จัดซื้อปีงบประมาณ 2562
   [แสดง 4/4 รายการ]

รายการใกล้เคียง
    หัวเรื่อง [English language Grammar]
    หัวเรื่อง [English language Textbooks for foreign speakers]

BibComment


ยังไม่เคยถูกคอมเมนท์

คอมเมนท์ทรัพยากรรายการนี้
  คอมเมนท์: Essential grammar..
Bib 212564

 
 
 

 Union Library Management : ULibM
Copyright 2026. All Rights Reserved.
скачать бесплатно без регистрации порно красивый секс HD Sex Hindi sex

xxx gou

xxxx

bfxxx

xxxwww

Секса Видео

xxxx

Секса Видео

detube

geilexxx

C99 Shell

worms shell

blod xxx video
Ebony Coed Rihanna Rimes Takes A Dick In Her Young Twat priyaa indian fuck anal and pusssy hardcore indian women xxx desi hardcore fucking part 1 bengalixxxcouple